| 000 | 00344nam a2200133Ia 4500 | ||
|---|---|---|---|
| 008 | 200103s9999||||xx |||||||||||||| ||und|| | ||
| 040 | _aIMU-MPC | ||
| 082 | _aColumn-23 | ||
| 100 | _aSchelkunoff, S.A. | ||
| 245 | 0 | _aApplied Mathematics for Engineers and Scientists | |
| 260 |
_bD. Van Nostrand Company _c1951 |
||
| 300 | _axi, 472 | ||
| 942 | _cBK | ||
| 999 |
_c6868 _d6868 |
||